[Event "SK Münster 1 - SV Erkenschwick 1"]
[Site "Oberliga NRW 2013/2014"]
[Date "2014.02.02"]
[Round "6.6"]
[White "Wolter, Kai"]
[Black "Eggenstein, Frank"]
[Result "1-0"]
[WhiteElo "2238"]
[BlackElo "1921"]
[PlyCount "53"]
[EventDate "2014.??.??"]
[WhiteTeam "SK Münster 1"]
[BlackTeam "SV Erkenschwick 1"]

1. e4 e6 2. Nf3 d5 3. exd5 exd5 4. d4 Bd6 5. c4 c6 6. Nc3 Ne7 7. Bd3 Nd7 8.
cxd5 Nxd5 9. Nxd5 cxd5 10. O-O Nf8 11. Re1+ Ne6 12. Ng5 Kf8 13. Nf3 h6 14. Qb3
Bc7 15. Bd2 Bb6 16. Re5 Nc7 17. a4 f6 18. Re3 Ne6 19. Rae1 Kf7 20. Bc3 g5 21.
Bb1 Bc7 22. Qc2 Qg8 23. Qf5 Qd8 24. Qg6+ Kf8 25. Bb4+ Bd6 26. Bxd6+ Qxd6 27.
Qxf6+ 1-0

[Event "SK Münster 1 - SV Erkenschwick 1"]
[Site "Oberliga NRW 2013/2014"]
[Date "2014.02.02"]
[Round "6.7"]
[White "Strozewski, Frank"]
[Black "Chilla, Jan Eric"]
[Result "1/2-1/2"]
[WhiteElo "1956"]
[BlackElo "2149"]
[PlyCount "89"]
[EventDate "2014.??.??"]
[WhiteTeam "SV Erkenschwick 1"]
[BlackTeam "SK Münster 1"]

1. c4 e5 2. Nc3 Nc6 3. g3 f5 4. Bg2 Nf6 5. d3 Bb4 6. Bd2 O-O 7. e3 d6 8. Nge2
Kh8 9. O-O Qe8 10. a3 Bxc3 11. Nxc3 Be6 12. b4 e4 13. Rc1 Ne5 14. Nb5 Qf7 15.
Nd4 Nxd3 16. Nxe6 Qxe6 17. Rc2 Rae8 18. Bc3 Ng4 19. c5 dxc5 20. bxc5 Nge5 21.
Bd4 Rf7 22. f3 exf3 23. Bxf3 Nxf3+ 24. Qxf3 c6 25. Rb1 Qe4 26. Qd1 Ne5 27. Rf2
Ng4 28. Rf4 Qe6 29. Rb3 Kg8 30. Qb1 Ree7 31. a4 Qd5 32. a5 a6 33. h3 Nh6 34.
Rf2 Qe6 35. Kh2 Qg6 36. Rfb2 Qh5 37. Kg2 f4 38. gxf4 Nf5 39. Rxb7 Rxb7 40. Rxb7
Qe2+ 41. Kg1 Rxb7 42. Qxf5 Qe1+ 43. Kg2 Qe2+ 44. Kg1 Qe1+ 45. Kg2 1/2-1/2

[Event "SK Münster 1 - SV Erkenschwick 1"]
[Site "Oberliga NRW 2013/2014"]
[Date "2014.02.02"]
[Round "6.8"]
[White "Rott, Georg"]
[Black "Schulze Bisping, Franz-Adolf"]
[Result "1-0"]
[WhiteElo "2147"]
[BlackElo "1923"]
[PlyCount "109"]
[EventDate "2014.??.??"]
[WhiteTeam "SK Münster 1"]
[BlackTeam "SV Erkenschwick 1"]

1. e4 e6 2. d4 d5 3. Nd2 dxe4 4. Nxe4 Bd7 5. Nf3 Bc6 6. Bd3 Nd7 7. c3 Ngf6 8.
Ng3 Bd6 9. O-O O-O 10. Re1 b6 11. Ne5 Bb7 12. Bg5 Be7 13. Qe2 c5 14. Bxf6 Nxf6
15. dxc5 Bxc5 16. Rad1 Qc7 17. Ng4 Be7 18. Ne3 Rfd8 19. a3 Rac8 20. c4 Rd4 21.
Bxh7+ Kxh7 22. Rxd4 Kg8 23. b4 a5 24. Rb1 axb4 25. axb4 Bd6 26. Rh4 g6 27. Qd2
Bf4 28. Qd4 Bg5 29. Rh3 Rd8 30. Qc3 e5 31. Ngf1 Bc8 32. Rg3 Bf4 33. Rf3 Ne4 34.
Qb2 Ng5 35. Rxf4 exf4 36. Nd5 Qxc4 37. Ne7+ Kf8 38. Rc1 Qxc1 39. Nxg6+ fxg6 40.
Qxc1 Ne6 41. Qc6 Ke7 42. Qxb6 Rd1 43. f3 Bd7 44. Kf2 Nd4 45. Qc5+ Kf7 46. Qc4+
Ke7 47. Qc3 Bb5 48. Nd2 Ne6 49. Qc2 Rh1 50. Qxg6 Rxh2 51. Ne4 Be8 52. Qf6+ Kd7
53. Qe5 Bf7 54. Qd6+ Kc8 55. Nf6 1-0

[Event "SG Solingen 2 - Klub Kölner SF 1"]
[Site "Oberliga NRW 2013/2014"]
[Date "2014.02.02"]
[Round "6.1"]
[White "Morawietz, Dieter"]
[Black "Schaefer, Markus"]
[Result "1/2-1/2"]
[WhiteElo "2300"]
[BlackElo "2383"]
[PlyCount "66"]
[EventDate "2014.??.??"]
[WhiteTeam "Klub Kölner SF 1"]
[BlackTeam "SG Solingen 2"]

1. e4 e6 2. d4 d5 3. e5 c5 4. c3 Nc6 5. Nf3 Nge7 6. Na3 cxd4 7. cxd4 Nf5 8. Nc2
Qb6 9. Be2 Bd7 10. g4 Nfe7 11. O-O h5 12. h3 hxg4 13. hxg4 Ng6 14. Bd3 Nh4 15.
Nxh4 Rxh4 16. Bg5 Rh8 17. Kg2 Be7 18. Qd2 O-O-O 19. Bxe7 Nxe7 20. Rh1 Bb5 21.
Bxb5 Qxb5 22. Na3 Qa4 23. Qc2+ Qxc2 24. Nxc2 Kd7 25. Kg3 Rxh1 26. Rxh1 Rc8 27.
Ne3 Nc6 28. Rh7 Nxd4 29. Rxg7 Ke7 30. f4 Ne2+ 31. Kf3 Nd4+ 32. Kg3 Ne2+ 33. Kf3
Nd4+ 1/2-1/2

[Event "SG Solingen 2 - Klub Kölner SF 1"]
[Site "Oberliga NRW 2013/2014"]
[Date "2014.02.02"]
[Round "6.2"]
[White "Krieg, Nikolaj"]
[Black "Helbig, Mark"]
[Result "1-0"]
[WhiteElo "2342"]
[BlackElo "2237"]
[PlyCount "80"]
[EventDate "2014.??.??"]
[WhiteTeam "SG Solingen 2"]
[BlackTeam "Klub Kölner SF 1"]

1. Nf3 e6 2. c4 d5 3. d4 Nf6 4. Bg5 Be7 5. e3 O-O 6. Nc3 Nbd7 7. cxd5 exd5 8.
Bd3 c6 9. Qc2 Re8 10. O-O Nf8 11. Rab1 a5 12. a3 Be6 13. Rfc1 Rc8 14. Na4 Ne4
15. Bxe7 Rxe7 16. b4 b5 17. Nc5 Nd6 18. a4 Nc4 19. Qc3 Ra7 20. h3 Nd7 21. Nxe6
fxe6 22. bxa5 Rxa5 23. axb5 cxb5 24. Qe1 Rca8 25. e4 Kh8 26. exd5 exd5 27. Qe6
Nf8 28. Qf5 Qd7 29. Qh5 g6 30. Qg5 Re8 31. Re1 Raa8 32. Ne5 Qg7 33. Rxb5 Ne6
34. Qh4 Nxd4 35. Nxg6+ Kg8 36. Rxe8+ Rxe8 37. Rxd5 hxg6 38. Bxc4 Re1+ 39. Kh2
Qc7+ 40. Qg3 Qxg3+ 1-0

[Event "SG Solingen 2 - Klub Kölner SF 1"]
[Site "Oberliga NRW 2013/2014"]
[Date "2014.02.02"]
[Round "6.3"]
[White "Bonnmann, Reinhard"]
[Black "Michalczak, Thomas"]
[Result "1/2-1/2"]
[WhiteElo "2189"]
[BlackElo "2314"]
[Annotator "Doe,John"]
[PlyCount "55"]
[EventDate "2014.??.??"]
[WhiteTeam "Klub Kölner SF 1"]
[BlackTeam "SG Solingen 2"]

1. d4 d5 2. c4 e6 3. Nf3 Nf6 4. g3 Be7 5. Bg2 O-O 6. O-O dxc4 7. Qc2 a6 8. a4
Bd7 9. Qxc4 Bc6 10. Bg5 Bd5 11. Qc2 Be4 12. Qb3 Nc6 13. Nc3 Bxf3 14. Bxf3 Nxd4
15. Qxb7 Rb8 16. Qxa6 $11 Nxf3+ 17. exf3 Rxb2 18. Bc1 Rb3 19. Qc4 Rb4 20. Qe2
Qd4 21. Bb2 Rfb8 22. Rfb1 Nd5 23. Nb5 Qb6 24. Be5 Rxb1+ 25. Rxb1 Ra8 26. Qc2
Qa5 27. Qc6 Qxa4 28. Ra1 1/2-1/2

[Event "SG Solingen 2 - Klub Kölner SF 1"]
[Site "Oberliga NRW 2013/2014"]
[Date "2014.02.02"]
[Round "6.4"]
[White "Berg, Michael"]
[Black "Wisskirchen, Andreas"]
[Result "1-0"]
[WhiteElo "2282"]
[BlackElo "2187"]
[PlyCount "91"]
[EventDate "2014.??.??"]
[WhiteTeam "SG Solingen 2"]
[BlackTeam "Klub Kölner SF 1"]

1. d4 Nf6 2. c4 g6 3. Nc3 Bg7 4. e4 d6 5. Nf3 O-O 6. Be2 e5 7. O-O Nc6 8. d5
Ne7 9. Ne1 Nd7 10. Nd3 f5 11. Bd2 Nf6 12. f3 Kh8 13. b4 Neg8 14. a4 Bh6 15.
exf5 Bxd2 16. Qxd2 gxf5 17. f4 e4 18. Nf2 Qe7 19. Qd4 Qg7 20. Ra3 a6 21. Ncd1
Nh5 22. Qxg7+ Nxg7 23. a5 Nf6 24. Ne3 Ngh5 25. Nfd1 Bd7 26. Nc2 c6 27. Nde3
cxd5 28. Bxh5 Nxh5 29. Nxd5 Rac8 30. Nce3 Be6 31. Nb6 Rc7 32. Ra2 Rf6 33. Rd2
Bg8 34. g3 Rg7 35. Kf2 Rgg6 36. Rfd1 Ng7 37. Nd7 Rf7 38. Rxd6 Ne8 39. R6d4 Rh6
40. h4 Re6 41. Ne5 Rff6 42. Rd7 Nd6 43. c5 Nf7 44. Nxf7+ Rxf7 45. Rxf7 Bxf7 46.
Rd7 1-0

[Event "SG Solingen 2 - Klub Kölner SF 1"]
[Site "Oberliga NRW 2013/2014"]
[Date "2014.02.02"]
[Round "6.5"]
[White "Ludwig, Peter"]
[Black "Gupta, Milon"]
[Result "1-0"]
[WhiteElo "2158"]
[BlackElo "2236"]
[Annotator "Doe,John"]
[PlyCount "111"]
[EventDate "2014.??.??"]
[WhiteTeam "Klub Kölner SF 1"]
[BlackTeam "SG Solingen 2"]

1. Nf3 Nf6 2. c4 g6 3. Nc3 d5 4. cxd5 Nxd5 5. Nxd5 Qxd5 6. g3 Bg7 7. Bg2 c5 8.
d3 Nc6 9. O-O O-O 10. Be3 Bxb2 11. Rb1 Bf6 12. Qa4 Bd7 13. Rxb7 Ne5 14. Qb3 Bc6
15. Qxd5 Bxd5 16. Nxe5 Bxb7 17. Bxb7 Rab8 18. Nd7 Rxb7 19. Nxf8 Kxf8 20. Rc1
Rb2 21. a3 Bd4 22. Bh6+ Bg7 23. Be3 Bd4 24. Bh6+ Bg7 $11 25. Bxg7+ Kxg7 26.
Rxc5 Rxe2 27. Ra5 Rd2 28. Rxa7 Rxd3 29. h4 h5 30. Kf1 e5 31. Ke2 e4 32. Ra6 Kf8
33. Ra7 Kg7 34. Ra6 Kf8 35. a4 Kg7 36. Rb6 Ra3 37. Rb4 f5 38. Rb7+ Kf6 39. Rb6+
Kf7 40. Ra6 Rd3 41. a5 Kg7 42. Rb6 Ra3 43. a6 Kh6 44. Re6 Kg7 45. Kd2 Rf3 46.
Ke2 Ra3 47. Rc6 Kh6 48. Kd2 Rf3 49. Ke2 Ra3 50. Rd6 Ra5 51. Ke3 Ra4 52. Rc6 Ra2
53. Kd4 Rxf2 54. Kc5 Kg7 55. a7 Ra2 56. Kb6 1-0

[Event "SG Solingen 2 - Klub Kölner SF 1"]
[Site "Oberliga NRW 2013/2014"]
[Date "2014.02.02"]
[Round "6.6"]
[White "Lemanczyk, Thomas"]
[Black "Raasch, Joerg"]
[Result "1/2-1/2"]
[WhiteElo "2156"]
[BlackElo "2209"]
[PlyCount "25"]
[EventDate "2014.??.??"]
[WhiteTeam "SG Solingen 2"]
[BlackTeam "Klub Kölner SF 1"]

1. Nf3 d5 2. d4 c6 3. c4 e6 4. Qc2 f5 5. g3 Nf6 6. Bg2 Bd6 7. Bf4 O-O 8. Bxd6
Qxd6 9. O-O Nbd7 10. e3 Ne4 11. Nbd2 b6 12. Rfd1 Bb7 13. Ne1 1/2-1/2

[Event "SG Solingen 2 - Klub Kölner SF 1"]
[Site "Oberliga NRW 2013/2014"]
[Date "2014.02.02"]
[Round "6.7"]
[White "Schmidt, Kai-Uwe"]
[Black "Schlecht, Daniel"]
[Result "0-1"]
[WhiteElo "1979"]
[BlackElo "2290"]
[PlyCount "66"]
[EventDate "2014.??.??"]
[WhiteTeam "Klub Kölner SF 1"]
[BlackTeam "SG Solingen 2"]

1. d4 d5 2. c4 c6 3. Nf3 Nf6 4. e3 Bf5 5. Nc3 e6 6. Nh4 Be4 7. f3 Bg6 8. Qb3
Qc7 9. Bd2 Nbd7 10. cxd5 exd5 11. Nxg6 hxg6 12. O-O-O O-O-O 13. e4 dxe4 14.
fxe4 Nb6 15. Bg5 Re8 16. Bd3 Ng4 17. Rdf1 f6 18. Bf4 Bd6 19. e5 fxe5 20. Bxg6
exf4 21. Bf5+ Kb8 22. Bxg4 Re3 23. Kb1 Qe7 24. h3 Rd8 25. Bf3 Qf6 26. Rd1 Be7
27. a4 Qf5+ 28. Qc2 Qa5 29. d5 c5 30. Qf5 Qb4 31. d6 Nc4 32. Rd2 Nxd2+ 33. Kc2
Nxf3 0-1

[Event "SG Solingen 2 - Klub Kölner SF 1"]
[Site "Oberliga NRW 2013/2014"]
[Date "2014.02.02"]
[Round "6.8"]
[White "Goerke, Joachim"]
[Black "Graf, Peter"]
[Result "1-0"]
[WhiteElo "1981"]
[BlackElo "1981"]
[PlyCount "55"]
[EventDate "2014.??.??"]
[WhiteTeam "SG Solingen 2"]
[BlackTeam "Klub Kölner SF 1"]

1. d4 Nf6 2. c4 e6 3. Nf3 c5 4. d5 exd5 5. cxd5 d6 6. Nc3 g6 7. e4 Bg7 8. Bd3
O-O 9. h3 a6 10. a4 Nbd7 11. O-O Qc7 12. Bf4 Re8 13. Nd2 Nh5 14. Bh2 b6 15. f4
Bd4+ 16. Kh1 Ng7 17. Qc2 Bxc3 18. bxc3 f6 19. Nc4 Rb8 20. f5 Re5 21. fxg6 hxg6
22. Bxe5 dxe5 23. Be2 Ne8 24. Qd2 Kg7 25. Ne3 Nd6 26. Ng4 Ne8 27. Qh6+ Kf7 28.
Qh7+ 1-0

[Event "SV Dinslaken 1 - SV Wattenscheid 2"]
[Site "Oberliga NRW 2013/2014"]
[Date "2014.02.02"]
[Round "6.1"]
[White "Mladenov, Svetlin"]
[Black "Trella, Thomas"]
[Result "1-0"]
[WhiteElo "2452"]
[BlackElo "2375"]
[Annotator "Doe,John"]
[PlyCount "73"]
[EventDate "2014.??.??"]
[WhiteTeam "SV Wattenscheid 2"]
[BlackTeam "SV Dinslaken 1"]

1. e4 e6 2. d4 d5 3. Nd2 c5 4. exd5 exd5 5. Ngf3 Nc6 6. Bb5 Qe7+ 7. Be2 Nf6 8.
O-O Qc7 9. dxc5 Bxc5 10. Nb3 Be7 11. Bg5 O-O 12. c3 Be6 13. Nbd4 Rae8 14. Re1
a6 15. Qc2 Ne4 16. Bxe7 Rxe7 17. Bd3 Nxd4 18. Nxd4 Nf6 19. h3 Rfe8 20. Rad1 Bc8
21. Rxe7 Rxe7 22. Qb3 g6 23. Bf1 h5 24. Be2 Re5 25. Bf1 Kg7 26. a3 Bf5 $11 27.
Nxf5+ Rxf5 28. Be2 Re5 29. Bf3 Qe7 30. g3 Rf5 31. c4 dxc4 32. Qxb7 Qe8 33. Kg2
Qb5 34. Rd2 Rc5 35. Rc2 Nd5 36. Qxb5 axb5 37. b4 1-0

[Event "SV Dinslaken 1 - SV Wattenscheid 2"]
[Site "Oberliga NRW 2013/2014"]
[Date "2014.02.02"]
[Round "6.2"]
[White "Sielecki, Christof"]
[Black "Schoorl, Rob"]
[Result "1-0"]
[WhiteElo "2385"]
[BlackElo "2294"]
[PlyCount "81"]
[EventDate "2014.??.??"]
[WhiteTeam "SV Dinslaken 1"]
[BlackTeam "SV Wattenscheid 2"]

1. Nf3 g6 2. e4 Bg7 3. d4 d6 4. c4 Nf6 5. Nc3 O-O 6. h3 Na6 7. g3 e5 8. Bg2
exd4 9. Nxd4 Nc5 10. O-O a5 11. Re1 a4 12. Rb1 Nfd7 13. f4 c6 14. Be3 Re8 15.
Bf2 Qa5 16. Nde2 Qb4 17. Qxd6 Qxc4 18. Red1 Ne6 19. Qd2 Ndc5 20. Qc2 Nf8 21.
Bd4 Nce6 22. Bxg7 Nxg7 23. Kh2 h5 24. Rd4 Qc5 25. Rxa4 Rxa4 26. Qxa4 h4 27. g4
Nge6 28. e5 b5 29. Qe4 Bd7 30. b4 Qa7 31. f5 Ng5 32. Qf4 Ngh7 33. Ne4 Qb8 34.
Nd6 g5 35. Qd4 Re7 36. Kh1 Nf6 37. Nc3 Ne8 38. Nce4 Nh7 39. f6 Re6 40. Nxf7 Bc8
41. Nexg5 1-0

[Event "SV Dinslaken 1 - SV Wattenscheid 2"]
[Site "Oberliga NRW 2013/2014"]
[Date "2014.02.02"]
[Round "6.3"]
[White "Straeter, Timo"]
[Black "Kern, Guido"]
[Result "1/2-1/2"]
[WhiteElo "2320"]
[BlackElo "2253"]
[PlyCount "81"]
[EventDate "2014.??.??"]
[WhiteTeam "SV Wattenscheid 2"]
[BlackTeam "SV Dinslaken 1"]

1. d4 d5 2. c4 e6 3. Nc3 Nf6 4. Bg5 Nbd7 5. e3 Be7 6. Nf3 O-O 7. Bd3 dxc4 8.
Bxc4 a6 9. O-O b5 10. Bb3 Bb7 11. Qe2 c5 12. Rad1 Ne4 13. Bf4 Qb6 14. Bc2 Ndf6
15. Be5 Rfd8 16. Nxe4 Nxe4 17. dxc5 Bxc5 18. Nd4 Bf8 19. Qg4 Nc5 20. Nf3 h6 21.
Bd4 Qc6 22. Rc1 Qe8 23. Bb1 Rdc8 24. Qg3 Nd7 25. Rc7 Bd5 26. Rfc1 Qd8 27. h3
Bc4 28. Rxc8 Rxc8 29. b3 Bd5 30. Rd1 Qc7 31. Qg4 Bb7 32. Bb2 Rd8 33. Qd4 Qc6
34. Qd3 f5 35. Rc1 Qd6 36. Qxd6 Bxd6 37. Nd4 Kf7 38. f3 g6 39. Kf2 Nc5 40. Ba3
Rc8 41. Bb2 1/2-1/2

[Event "SV Dinslaken 1 - SV Wattenscheid 2"]
[Site "Oberliga NRW 2013/2014"]
[Date "2014.02.02"]
[Round "6.4"]
[White "Mundorf, Johannes"]
[Black "Hopman, Pieter"]
[Result "0-1"]
[WhiteElo "2208"]
[BlackElo "2372"]
[PlyCount "76"]
[EventDate "2014.??.??"]
[WhiteTeam "SV Dinslaken 1"]
[BlackTeam "SV Wattenscheid 2"]

1. Nf3 d6 2. d4 Bg4 3. c4 Nd7 4. d5 e5 5. dxe6 fxe6 6. Nd4 Qe7 7. h3 Bh5 8. g4
Bg6 9. Bg2 c6 10. Nc3 h5 11. g5 Qf7 12. Nf3 d5 13. Be3 Bd6 14. Nh4 Ne7 15. O-O
O-O 16. cxd5 exd5 17. Nxg6 Qxg6 18. Qd3 Qe6 19. Rad1 Kh8 20. Bc1 Ne5 21. Qc2
N5g6 22. e4 Qe5 23. f4 Nxf4 24. Bxf4 Rxf4 25. exd5 Qe3+ 26. Kh1 Nf5 27. Ne4
Rxf1+ 28. Rxf1 Ng3+ 29. Nxg3 Qxg3 30. Be4 Qxh3+ 31. Kg1 b6 32. dxc6 Bc5+ 33.
Rf2 Re8 34. c7 Qg3+ 35. Kf1 a5 36. Qe2 g6 37. Bxg6 Qh3+ 38. Kg1 Rxe2 0-1

[Event "SV Dinslaken 1 - SV Wattenscheid 2"]
[Site "Oberliga NRW 2013/2014"]
[Date "2014.02.02"]
[Round "6.5"]
[White "Franke, Johannes"]
[Black "Ossig, Rainer"]
[Result "1-0"]
[WhiteElo "2291"]
[BlackElo "2110"]
[PlyCount "73"]
[EventDate "2014.??.??"]
[WhiteTeam "SV Wattenscheid 2"]
[BlackTeam "SV Dinslaken 1"]

1. e4 e6 2. d3 c5 3. Nc3 Nc6 4. g3 g6 5. Bg2 Bg7 6. f4 d6 7. Nf3 Nge7 8. O-O
O-O 9. Be3 Nd4 10. e5 Nef5 11. Bf2 Rb8 12. Ne4 dxe5 13. Nxe5 f6 14. Nc4 b6 15.
c3 Nb5 16. Qb3 Bd7 17. a4 Nc7 18. a5 Nd5 19. axb6 axb6 20. Rfe1 Ra8 21. Rxa8
Qxa8 22. Ned6 Nxd6 23. Nxd6 Qc6 24. Ne4 Qc7 25. Nd2 Kh8 26. Nc4 Rb8 27. Nd2 Qd6
28. d4 cxd4 29. Bxd4 b5 30. Ne4 Qe7 31. Nc5 Nc7 32. Qa2 Qd6 33. Qa7 Rc8 34. Ne4
Qe7 35. Bc5 Qd8 36. Nd6 Ra8 37. Nf7+ 1-0

[Event "SV Dinslaken 1 - SV Wattenscheid 2"]
[Site "Oberliga NRW 2013/2014"]
[Date "2014.02.02"]
[Round "6.6"]
[White "Neuer, Thomas"]
[Black "Thiel, Thomas"]
[Result "0-1"]
[WhiteElo "2062"]
[BlackElo "2297"]
[PlyCount "74"]
[EventDate "2014.??.??"]
[WhiteTeam "SV Dinslaken 1"]
[BlackTeam "SV Wattenscheid 2"]

1. Nf3 d5 2. d4 Nf6 3. c4 g6 4. cxd5 Bg7 5. Qa4+ Nbd7 6. Nc3 O-O 7. e4 Nb6 8.
Qc2 e6 9. dxe6 Bxe6 10. Be2 Re8 11. O-O c6 12. Re1 Rc8 13. Bf4 Qe7 14. Rad1 Qb4
15. Ne5 Rcd8 16. Be3 Nfd7 17. Nd3 Qf8 18. Nf4 Bc4 19. b3 Bxe2 20. Nfxe2 Nf6 21.
Bg5 h6 22. Bxf6 Bxf6 23. Rd3 Qb4 24. Red1 Bg7 25. Qd2 c5 26. dxc5 Rxd3 27. Qxd3
Qxc5 28. Nd5 Nd7 29. Rc1 Qa5 30. Nec3 Qa3 31. Rd1 a6 32. h3 Nc5 33. Qf3 Re6 34.
b4 Bxc3 35. Qxc3 Qxc3 36. Nxc3 Nxe4 37. Re1 Nxc3 0-1

[Event "SV Dinslaken 1 - SV Wattenscheid 2"]
[Site "Oberliga NRW 2013/2014"]
[Date "2014.02.02"]
[Round "6.7"]
[White "Hirsch, Stefan"]
[Black "Cebulla, Konstantin"]
[Result "1/2-1/2"]
[WhiteElo "2210"]
[BlackElo "2030"]
[PlyCount "49"]
[EventDate "2014.??.??"]
[WhiteTeam "SV Wattenscheid 2"]
[BlackTeam "SV Dinslaken 1"]

1. e4 e6 2. d4 d5 3. e5 c5 4. c3 Qb6 5. Nf3 Nc6 6. Be2 Nh6 7. Na3 cxd4 8. cxd4
Bb4+ 9. Kf1 Be7 10. Nc2 Nf5 11. Bd3 Bd7 12. b3 Nb4 13. Nxb4 Qxb4 14. a4 Nxd4
15. Rb1 Nxf3 16. Qxf3 O-O 17. h4 f5 18. Rh3 Rac8 19. Qd1 a6 20. Bd2 Qd4 21. f4
Bb4 22. Be3 Qc3 23. Rc1 Qb2 24. Rb1 Qc3 25. Rc1 1/2-1/2

[Event "SV Dinslaken 1 - SV Wattenscheid 2"]
[Site "Oberliga NRW 2013/2014"]
[Date "2014.02.02"]
[Round "6.8"]
[White "Walter, Andreas"]
[Black "De Ruiter, Danny"]
[Result "1-0"]
[WhiteElo "2096"]
[BlackElo "2264"]
[PlyCount "97"]
[EventDate "2014.??.??"]
[WhiteTeam "SV Dinslaken 1"]
[BlackTeam "SV Wattenscheid 2"]

1. Nf3 Nf6 2. c4 g6 3. Nc3 d5 4. cxd5 Nxd5 5. e4 Nxc3 6. dxc3 Qxd1+ 7. Kxd1 f6
8. Be3 e5 9. Nd2 Nd7 10. Nb3 a5 11. a4 b6 12. Bc4 Bb7 13. Bd5 Bxd5 14. exd5 f5
15. f3 Nf6 16. c4 O-O-O 17. Kc2 Bg7 18. Rad1 Rhe8 19. Rhe1 Kb7 20. Bf2 g5 21.
h3 Bf8 22. Nd2 Bb4 23. Re2 c6 24. dxc6+ Kxc6 25. Nf1 Rxd1 26. Kxd1 e4 27. Ng3
Rd8+ 28. Kc2 e3 29. Rxe3 Rd2+ 30. Kb3 Nd7 31. Re2 f4 32. Nf5 Rxe2 33. Nd4+ Kd6
34. Nxe2 Bc5 35. Be1 Be3 36. Nc3 Nc5+ 37. Kc2 Ke5 38. b3 Ne6 39. Nb5 h5 40.
Bc3+ Kf5 41. Nd6+ Kg6 42. Ne4 Kf5 43. Kd3 Bc5 44. Nxc5 Nxc5+ 45. Kc2 g4 46. Bd4
g3 47. b4 Na6 48. b5 Nb4+ 49. Kd2 1-0

[Event "SV Mülheim-Nord 2 - SV Dinslaken 1"]
[Site "Oberliga NRW 2013/2014"]
[Date "2014.03.09"]
[Round "7.1"]
[White "Trella, Thomas"]
[Black "Nabuurs, Joep"]
[Result "1/2-1/2"]
[WhiteElo "2375"]
[BlackElo "2214"]
[PlyCount "71"]
[EventDate "2014.??.??"]
[WhiteTeam "SV Dinslaken 1"]
[BlackTeam "SV Mülheim-Nord 2"]

1. Nf3 c5 2. c4 Nc6 3. g3 e5 4. Nc3 g6 5. Bg2 Bg7 6. O-O Nge7 7. a3 O-O 8. Rb1
a5 9. Ne1 d6 10. Nc2 f5 11. d3 f4 12. b4 Rb8 13. e3 Be6 14. bxc5 dxc5 15. Ne4
f3 16. Bh1 b6 17. Ng5 Bg4 18. h3 Bf5 19. e4 Bc8 20. Nxf3 Bxh3 21. Bg2 Bc8 22.
Bg5 Qd6 23. Ne3 Bf6 24. Bh6 Bg7 25. Bg5 Bf6 26. Bh6 Bg7 27. Bxg7 Kxg7 28. Qd2
Bd7 29. Nd5 Nxd5 30. exd5 Nd4 31. Nxd4 exd4 32. Rfe1 Rf6 33. Rb2 Rbf8 34. Qg5
Bf5 35. Be4 h6 36. Qc1 1/2-1/2

[Event "SV Mülheim-Nord 2 - SV Dinslaken 1"]
[Site "Oberliga NRW 2013/2014"]
[Date "2014.03.09"]
[Round "7.2"]
[White "Wittenberg, Andreas"]
[Black "Sielecki, Christof"]
[Result "0-1"]
[WhiteElo "2149"]
[BlackElo "2385"]
[Annotator "Doe,John"]
[PlyCount "66"]
[EventDate "2014.??.??"]
[WhiteTeam "SV Mülheim-Nord 2"]
[BlackTeam "SV Dinslaken 1"]

1. d4 e6 2. Nf3 c5 3. c4 Nf6 4. Nc3 cxd4 5. Nxd4 a6 6. g3 Qc7 7. Qa4 Bc5 8. Nf3
O-O 9. Bg2 Be7 10. Nb5 Qc6 11. O-O d6 12. Be3 Bd7 13. Rfd1 Qc8 14. Qa3 Ne8 15.
Rac1 Nc6 16. Nbd4 h6 17. Nxc6 Bxc6 18. Bf4 Qc7 19. Qb3 e5 20. Be3 Nf6 21. Bb6
Qb8 22. Nh4 g6 23. Qd3 e4 24. Qe3 Nd7 25. Bd4 Bg5 26. Qc3 Bxc1 27. Qxc1 Kh7 28.
Bh3 Nc5 29. Nf5 g5 30. Ne7 Bd7 31. Bxc5 Bxh3 32. Rxd6 Rd8 33. Rf6 Kg7 {ZÜ} 0-1

[Event "SV Mülheim-Nord 2 - SV Dinslaken 1"]
[Site "Oberliga NRW 2013/2014"]
[Date "2014.03.09"]
[Round "7.3"]
[White "Kern, Guido"]
[Black "Smith, Thijmen"]
[Result "1/2-1/2"]
[WhiteElo "2253"]
[BlackElo "2193"]
[PlyCount "85"]
[EventDate "2014.??.??"]
[WhiteTeam "SV Dinslaken 1"]
[BlackTeam "SV Mülheim-Nord 2"]

1. Nf3 Nf6 2. g3 g6 3. b3 Bg7 4. Bb2 O-O 5. Bg2 c5 6. c4 Nc6 7. O-O d6 8. d4
cxd4 9. Nxd4 Bd7 10. Qd2 a6 11. Rd1 Rc8 12. Nc3 Nxd4 13. Qxd4 Bc6 14. Nd5 Re8
15. a4 Nh5 16. Qd2 a5 17. Bh3 Ra8 18. Bxg7 Nxg7 19. Rac1 b6 20. Rc3 Ne6 21. Qh6
Nc5 22. Rd4 e6 23. Rh4 Qxh4 24. Qxh4 exd5 25. cxd5 Bxd5 26. Qd4 Bxb3 27. Bg2
Rab8 28. h4 Bxa4 29. h5 gxh5 30. Qxd6 Bb3 31. Qf4 a4 32. Qg5+ Kh8 33. Bd5 Bxd5
34. Qxd5 Re6 35. Qxh5 Rb7 36. Rf3 Kg8 37. Qg5+ Rg6 38. Qd8+ Kg7 39. Re3 Rd7 40.
Qc8 Re6 41. Rd3 Nxd3 42. Qxd7 Nc5 43. Qd4+ 1/2-1/2

[Event "SV Mülheim-Nord 2 - SV Dinslaken 1"]
[Site "Oberliga NRW 2013/2014"]
[Date "2014.03.09"]
[Round "7.4"]
[White "Nachbar, Benjamin"]
[Black "Mundorf, Johannes"]
[Result "1/2-1/2"]
[WhiteElo "2133"]
[BlackElo "2208"]
[PlyCount "27"]
[EventDate "2014.??.??"]
[WhiteTeam "SV Mülheim-Nord 2"]
[BlackTeam "SV Dinslaken 1"]

1. c4 c5 2. g3 g6 3. Bg2 Bg7 4. Nc3 Nc6 5. d3 d6 6. Qd2 e6 7. Bxc6+ bxc6 8. f4
Nf6 9. Nf3 O-O 10. b3 Nd7 11. Bb2 Nb6 12. e4 e5 13. fxe5 Bg4 14. O-O 1/2-1/2

[Event "SV Mülheim-Nord 2 - SV Dinslaken 1"]
[Site "Oberliga NRW 2013/2014"]
[Date "2014.03.09"]
[Round "7.5"]
[White "Ossig, Rainer"]
[Black "Krueger, Andre"]
[Result "1-0"]
[WhiteElo "2110"]
[BlackElo "2024"]
[PlyCount "95"]
[EventDate "2014.??.??"]
[WhiteTeam "SV Dinslaken 1"]
[BlackTeam "SV Mülheim-Nord 2"]

1. Nf3 Nf6 2. g3 b6 3. Bg2 Bb7 4. O-O e6 5. c4 Be7 6. Nc3 O-O 7. Re1 d5 8. Ne5
Nbd7 9. d4 Ne4 10. Nxe4 Nxe5 11. cxd5 exd5 12. dxe5 dxe4 13. Qc2 Qd5 14. Rd1
Qxe5 15. Bf4 Qe6 16. Qxc7 Ba6 17. Qc2 f5 18. Bf1 Bf6 19. Qa4 Qc4 20. Qa3 Bb5
21. Rac1 Qa4 22. Qxa4 Bxa4 23. b3 Be8 24. Bd6 Rf7 25. e3 Rd7 26. Bb5 Rxd6 27.
Bc4+ Kf8 28. Rxd6 Ke7 29. Rdd1 Bb2 30. Rc2 Ba3 31. Ba6 Bc5 32. Be2 a5 33. Rd5
Kf6 34. Rcd2 Ra7 35. Rd8 Ke7 36. R8d5 Kf6 37. Rc2 a4 38. Rd1 axb3 39. axb3 Ra3
40. Rb1 Bb4 41. Rc4 Bd6 42. Rd4 Ke7 43. Rd5 g6 44. Rbd1 Bc5 45. Re5+ Kf8 46.
Rd8 Be7 47. Rb8 Rxb3 48. Bb5 1-0

[Event "SV Mülheim-Nord 2 - SV Dinslaken 1"]
[Site "Oberliga NRW 2013/2014"]
[Date "2014.03.09"]
[Round "7.6"]
[White "Bus, Tom"]
[Black "Jaeger, Martin"]
[Result "1-0"]
[WhiteElo "2079"]
[BlackElo "2051"]
[PlyCount "89"]
[EventDate "2014.??.??"]
[WhiteTeam "SV Mülheim-Nord 2"]
[BlackTeam "SV Dinslaken 1"]

1. c4 Nf6 2. g3 e6 3. Bg2 d5 4. Nf3 Be7 5. O-O O-O 6. d4 c6 7. Qc2 Nbd7 8. Nbd2
b6 9. Rd1 Ba6 10. b3 b5 11. Rb1 bxc4 12. bxc4 Qa5 13. Bb2 Rab8 14. Bf1 Rfc8 15.
Bc3 Bb4 16. Rxb4 Rxb4 17. Bxb4 Qxb4 18. Rb1 Qa5 19. c5 g6 20. h3 h5 21. Rb3 Rb8
22. Rxb8+ Nxb8 23. Ne5 Qc7 24. Ndf3 Ne4 25. Qc1 Qe7 26. h4 Kg7 27. Qf4 Qf6 28.
Nxg6 Qxf4 29. Nxf4 Nd7 30. Nxh5+ Kh6 31. Nf4 Bc4 32. a3 e5 33. dxe5 Nexc5 34.
Bh3 a5 35. g4 Kg7 36. g5 d4 37. Bf5 Be6 38. Nxd4 Nxe5 39. Nfxe6+ Nxe6 40. Nxe6+
fxe6 41. Bxe6 Ng6 42. h5 Nf4 43. Bg4 c5 44. e3 Nd5 45. h6+ 1-0